Riconete y cortadillo / (Registro nro. 9830)

Detalles MARC
000 -LIDER
fixed length control field 00943nam a2200313 c 4500
001 - NÚMERO DE CONTROL
Identificador de número de control 573724
003 - IDENTIFICACDOR DE NÚMERO DE CONTROL
control field DO-SdBNP
005 - DATE AND TIME OF LATEST TRANSACTION
control field 20180306092413.0
007 - CAMPOS FIJOS DE DESCRIPCIÓN FÍSICA
fixed length control field 573724
008 - ELEMENTOS DE LONGITUD FIJA
fixed length control field 160112q2007 sp a | |||| 000 j spa
020 ## - ISBN
International Standard Book Number 9788498155471
035 ## - NÚMERO LOCAL
System control number
040 ## - FUENTE DE CATALOGACIÓN
Agencia que crea de manera original el registro BPMSU
Idioma de catalogación spa
Agencia que realiza la transcripción BPMSU
Convenciones de la despripción
080 ## - NÚMERO DE CLASIFICACIÓN DECIMAL UNIVERSAL
Universal Decimal Classification number
100 1# - ASIENTO PRINCIPAL -- NOMBRE PERSONAL
Nombre personal Cervantes Saavedra, Miguel de
Fechas asociadas con el nombre 1547-1616
Término de relación
240 ## - TITULO UNIFORME
Título uniforme Riconete y cortadillo : texto basado en trinconete y cortadillo de Miguel de Cervantes
245 10 - MENCIÓN DE TITULO
Título Riconete y cortadillo /
Subtítulo
Mención de responsabilidad Miguel de Cervantes Saavedra ; ilustraciones Cristina Picazo
260 ## - PUBLICACIÓN, DISTRIBUCIÓN, ETC. (PIE DE IMPRENTA)
Lugar de publicación, distribución, etc Buenos Aires :
Nombre del editor, distribuidor, etc. Kapelusz
Fecha de publicación, distribución, etc 2007
300 ## - DESCRIPCIÓN FÍSICA
Extensión 28 p. :
Otros detalles físicos il.
Dimensiones 28 cm
336 ## - CONTENT TYPE
Content type term
Source
337 ## - MEDIA TYPE
Media type term
Source
490 ## - MENCIÓN DE SERIES
Mención de serie Mis primeros clásicos
700 1# - ASIENTO SECUNDARIO -- NOMBRE PERSONAL
Nombre personal Picazo,Cristina
Mención de responsabilidad
830 ## - ASIENTO SECUNDARIO DE SERIE--TÍTULO UNIFORME
Título uniforme Mis primeros clásicos
901 ## - LOCAL DATA ELEMENT A, LDA (RLIN)
a
942 ## - ADDED ENTRY ELEMENTS (KOHA)
Source of classification or shelving scheme Dewey Decimal Classification
Koha item type Libros
945 ## - INFORMACIÓN DE PROCESAMIENTO LOCAL
Información de procesamiento local Inventariado, 2018/MFF
956 ## - LOCAL ELECTRONIC LOCATION AND ACCESS (OCLC)
Nombre de host VMATEO
Método de acceso 10
Materiales especificados 20160469
Enlace BPMSU
Campo enlazado y núm. de secuencia 0069
Existencias
Withdrawn status Lost status Source of classification or shelving scheme Damaged status Not for loan Collection code Home library Current library Date acquired Source of acquisition Total Checkouts Barcode Date last seen Price effective from Koha item type
    Dewey Decimal Classification     Colección Infantil General Biblioteca Pública Metropolitana Salomé Ureña Biblioteca Pública Metropolitana Salomé Ureña 04/18/2016 FUNDI   BPMSU16040529 04/18/2016 04/18/2016 Libros